000 00438nam a2200145Ia 4500
041 _aArabic
082 _a341,3 cut-288 ع
100 _a20260118u\\\\\\\\\\\y0engy0103\\\\ba
100 _aشريف عتلم
245 0 _aاتفاقيات القانون الدولي الانساني
250 _aط1
260 _bاللجنة الدولية للصليب الاحمر
_aالقاهرة - مصر
_c2008
300 _a743
942 _cBk
999 _c188200
_d188200